[Event "Moscow Aeroflot op-A"]
[Site "Moscow"]
[Date "2005.02.17"]
[Round "3"]
[White "Akopian, Vladimir Eduardovic"]
[Black "Izoria, Zviad"]
[Result "1-0"]
[WhiteElo "2693"]
[BlackElo "2607"]
[Annotator "Ribli,Z"]
[PlyCount "113"]
[EventDate "2005.02.15"]
[EventType "swiss"]
[EventRounds "9"]
[EventCountry "RUS"]
[SourceTitle "CBM 106"]
[Source "ChessBase"]
[SourceDate "2005.06.06"]
[SourceVersion "1"]
[SourceVersionDate "2005.06.06"]
[SourceQuality "1"]

1. d4 Nf6 2. c4 e6 3. Nf3 d5 4. Nc3 dxc4 5. e4 Bb4 6. Bg5 c5 7. Bxc4 cxd4 8.
Nxd4 Bxc3+ {Das ist die übliche Fortsetzung. Schwarz gibt das Läuferpaar auf,
aber verschlechtert die weiße Bauernstruktur. Der Alternativzug 8...Qa5 führt
zu ruhigem positionellem Spiel.} 9. bxc3 Qa5 10. Bb5+ Bd7 {Heutzutage ist
dieser Zug modern, aber die Alternative ist auch spielbar.} 11. Bxf6 gxf6 (
11... Qxc3+ $4 12. Kf1 gxf6 13. Rc1 $18) 12. Bxd7+ {Diese alte und neue
Fortsetzung ist bekannt seit der Partie Gulko,B - Salov,V Linares 1990.} Nxd7
13. O-O a6 14. Rb1 Qc7 15. Qd2 $5 {[%csl Gd2][%cal Gd2h6,Gf1d1,Gd1d7] Ein
logischer Zug: Weiß kann auf der d-Linie mittels Tfd1 seinen Angriff
verstärken und droht eventuell Qh6.} (15. f4 h5 16. Qf3 Rc8 17. e5 b6 18. exf6
Qxc3 19. Qe4 Nxf6 20. Qe5 Rh6 21. f5 Ng4 {1/2-1/2 Chatalbashev,B-Gustafsson,J/
Calvia ESP 2004/(27)}) (15. Qh5 Nc5 16. Rb4 {/\ Rc4,Ne6} Qe5 17. Qxe5 fxe5 18.
Nb3 Nxb3 19. axb3 O-O-O 20. f4 $1 $14 {1/2-1/2 Gulko,B-Salov,V/Linares 1990/
CBM 17/(58)}) (15. Qg4 h5 16. Qh3 Ke7 17. f4 h4 18. Qf3 Rac8 19. e5 Qxc3 20.
exf6+ Kxf6 21. Qxc3 Rxc3 {1/2-1/2 Kramnik,V-Anand,V/Dortmund 88/(377) 2003 (21)
}) (15. Qe2 O-O 16. Rfd1 Kh8 17. Rd3 Rg8 18. Nf3 Nc5 19. Rd4 e5 20. Rdb4 Rad8 {
1/2-1/2 Gyimesi,Z-Hoelzl,F/Balatonlelle (open) 2002 (51)}) 15... O-O {Schwarz
hat keine Befürchtungen vor dem weißen Angriff am Königsflügel.} (15... Rc8 16.
Rfd1 b5 17. f4 Nc5 18. Qe3 {1-0 Smirnov,P-Popov,V/Moscow 2005/CBM 106 (26)}) (
15... h5 $5 {Auf diese Weise verhindert Schwarz die Dameneindringung auf h6,
aber nach diesem Zug kann er nicht mehr kurz rochieren.}) 16. Rfd1 {[%cal
Gd1d7] Droht sofort 17.Nxe6 mit Gewinn.} Rad8 17. Qh6 {[%csl Gh6] Die Dame
steht aktiv auf h6, da unmittelbar 18.Rd3 nebst Rh3 droht.} Kh8 18. Rd3 Rg8 19.
Ne2 $1 $14 {[%csl Rd7][%cal Gb1d1,Gh6d2,Gd1d8,Ge2g3,Gg3h5,Ge2f4,Gf4h5][%mdl 32]
Ein guter strategischer Zug von Weiß: der Springer ist auf d7 gebunden, da
sonst Pf6 angegriffen ist. Weiß droht somit mit Rbd1 und Qd2. Die andere Idee
des Springerzugs ist die Besetzung der Felder f4, g3 nebst h5.} (19. Rh3 Rg7)
19... Rg6 (19... Rc8 20. Nf4 $1 $14 (20. Rbd1 Rg6 21. Qd2 (21. Qh4 Nc5 22. Nf4
Nxd3 23. Nxg6+ Kg7 $1 24. Rxd3 Qb6 $1 $15 (24... hxg6 25. Rh3 f5 26. exf5 exf5)
) 21... Ne5 $11 (21... Nc5 $11))) 20. Qd2 Rgg8 21. Ng3 $1 (21. Rd1 $2 Ne5 $1
$11 {Das ist die Pointe der schwarzen Verteidigung.} 22. Rxd8 $4 Nf3+ {[%cal
Rf3d2,Rf3g1]}) 21... Ne5 $6 (21... Nc5 $142 $5) 22. Rxd8 Qxd8 (22... Rxd8 23.
Qh6 (23. Rxb7 $2 {Das wäre eine naive Fortsetzung.} Qc8 (23... Rxd2 24. Rxc7
Rxa2 $15) 24. Qf4 Rd1+ 25. Nf1 Qxb7 26. Qxf6+ Kg8 27. Qxe5 Qb5 $17) 23... Ng4
24. Qh4 Qf4 25. Nf1 Qg5 26. Qxg5 fxg5 27. Rxb7 $16) 23. Qxd8 Rxd8 24. f4 Ng6 (
24... Nc4 25. Rxb7 Rd1+ 26. Kf2 Kg7) (24... Ng4 25. h3 Ne3 26. Rxb7 (26. Kf2 $2
Nd1+ $132) 26... Rd2 27. Nh5 Rxg2+ 28. Kh1 $16) 25. Rxb7 Nxf4 26. Rxf7 $16 {
[%mdl 4096] Weiß hat einen Mehrbauern im Endspiel, aber die technische
Verwertung des Materialvorteils ist nicht leicht..} Rd2 27. Rxf6 e5 (27...
Rxg2+ $2 28. Kf1 $18) (27... Nxg2 $2 28. Rf2 $1 Rxf2 29. Kxf2 Nf4 30. Ne2 Ng6
31. Ke3 $18) 28. Nf5 {[%cal Rf6f8,Rf8h8]} (28. Rxa6 Rxg2+ 29. Kf1 Rxh2 30. Nf5
$16) 28... Kg8 (28... Rxg2+ 29. Kf1 h5 30. Rxa6 Rxh2 31. a4 $16) 29. Rxa6 Rxg2+
30. Kf1 Rxh2 31. Ra8+ Kf7 32. a4 Rh1+ (32... h5 33. a5 $16) 33. Kf2 Rh2+ 34.
Kf1 (34. Kg3) 34... Rh1+ 35. Kf2 Rh2+ 36. Kg3 Rh3+ 37. Kg4 h5+ $14 {Aufgrund
des reduzierten Materials verfügt Schwarz über taktische Gegenchancen.} (37...
Rxc3 38. Ra7+ Ke6 39. Re7+ Kf6 40. Rxh7 $16) 38. Kg5 Ne6+ 39. Kh6 Rxc3 40. Kxh5
Nc5 {[%csl Gc5][%cal Gc5e4,Gc5a4]} 41. a5 Ra3 $2 (41... Nxe4 $1 42. Kg4 Nf2+
43. Kh5 Rh3+ 44. Kg5 Ne4+ 45. Kg4 Nf2+ $11) 42. Nd6+ Ke6 43. Nb5 Rh3+ $6 (43...
Rb3 $142) 44. Kg4 Re3 45. Rc8 $16 Nxe4 (45... Rxe4+ 46. Kh5 $18 {[%csl Rc5]})
46. a6 {[%csl Ga6]} Nf2+ 47. Kh5 Rh3+ 48. Kg6 Rg3+ 49. Kh7 $18 {[%csl Ga6,Gh7]
[%cal Ra6a7,Ra7a8]} Rh3+ 50. Kg7 Rg3+ 51. Kf8 Rh3 52. Rc3 Rh1 (52... Rh8+ 53.
Kg7 Rd8 54. a7 $18) 53. a7 Ne4 54. Ra3 Rf1+ 55. Ke8 Rh1 (55... Nf6+ 56. Kd8 $18
) 56. Ra6+ Kd5 57. a8=Q+ 1-0

[Event "Budapest FS02 GM"]
[Site "Budapest"]
[Date "2000.02.07"]
[Round "3"]
[White "Ribshtein, Nati"]
[Black "Volzhin, Alexander"]
[Result "1/2-1/2"]
[WhiteElo "2362"]
[BlackElo "2548"]
[Annotator "Ribli,Z"]
[PlyCount "57"]
[EventDate "2000.02.05"]
[EventType "tourn"]
[EventRounds "13"]
[EventCountry "HUN"]
[EventCategory "9"]
[SourceTitle "CBM 076"]
[Source "ChessBase"]
[SourceDate "2000.05.31"]
[SourceVersion "1"]
[SourceVersionDate "2000.05.31"]
[SourceQuality "1"]

1. d4 Nf6 2. c4 e6 3. Nf3 d5 4. Nc3 dxc4 5. e4 {Das ist die prinzipielle
Antwort. 5.e3 würde ins Angenommene Damengambit überleiten.} Bb4 6. Bg5 c5 7.
Bxc4 cxd4 8. Nxd4 Bxc3+ 9. bxc3 Qa5 {Das ist die moderne Grundstellung der
Wiener Variante - hier hat Weiß im wesentlichen drei Alternativen - 10.Bb5+ 
(die Partiefortsetzung), 10.Nb5 und 10.Bxf6.} 10. Bb5+ Bd7 {10...Nd7 ist auch
spielbar. Meiner Meinung nach ist der Textzug jedoch sicherer.} (10... Nbd7)
11. Bxf6 gxf6 12. Qb3 a6 (12... O-O) 13. Be2 Nc6 14. O-O Qc7 (14... O-O) 15.
Rab1 Na5 16. Qa3 (16. Qb2 Rc8 17. c4 Qe5 18. Qd2 Rg8 19. Rbc1 Qg5 20. Qxg5 fxg5
21. Nb3 Nxb3 22. axb3 Bc6 23. f3 Ke7 {1/2-1/2 Chernin,A-Degerman,L/Stockholm
1995/CBM 49 ext (23)}) (16. Qc2 Rc8 17. Rfc1 Qe5 18. Qd3 Rc7 19. c4 O-O 20. Nf3
Qf4 21. g3 Qh6 22. Qa3 Nc6 23. Rc3 Rfc8 24. Rcb3 Nd8 25. Rd3 Qf8 {0-1
Ljubojevic,L-Piket,J/Monte Carlo 1999/CBM 69 ext (51)}) 16... Rc8 {Strategisch
ist alles für Schwarz in Ordnung - der Pc3 ist eine ewige Schwäche in der
weißen Stellung, Schwarz hat starken positionellen Druck auf der c-Linie. Sein
König jedoch steht schlecht in der Mitte, das kann immer gefährlich werden,
wenn die Damen noch auf dem Brett sind.} 17. c4 (17. Rfd1 Qc5 $5 18. Qxc5 (18.
Qc1 $5) 18... Rxc5 19. c4 Rc7 (19... Nxc4 20. Rxb7 $16) 20. Nb3 Nxc4 21. Bxc4
Rxc4 22. Na5 Rc7 23. Rxb7 Rxb7 24. Nxb7 Ke7 25. Nc5 Bb5 26. a4 Rc8 {1/2-1/2
Kasimdzhanov,R-Jonkman,H/Wijk aan Zee NED 1999 (26)}) 17... Nxc4 {Nehmen oder
nicht nehmen - das ist hier die Frage. Beide Fortsetzungen sind spielbar. Das
Schlagen des Pc4 ist nur scheinbar gefährlich, zwar muss der schwarze König
auf e8 stehen, aber in konkreten Varianten hat Schwarz keine Probleme.} (17...
Qc5 {Diese positionelle Fortsetzung ist auch spielbar.} 18. Qc3 Ke7 $5 (18...
e5 $6)) 18. Bxc4 Qxc4 19. Rfd1 {Weiß besitzt Kompensation für den Bauern -
Schwarz hat einige Problemen bei der Koordination seiner Figuren, aber Weiß
hat noch keine konkreten Drohungen.} Qc5 {Es ist verständlich, dass Schwarz
die Damen tauschen möchte, aber ich halte 19...Qc3 für logischer, weil Weiß in
diesem Fall nicht den Pf6 angreifen kann.} (19... Qc3 20. Qd6 (20. Qxc3 Rxc3
21. Rxb7 Bc8 $11) 20... Qc7 21. Qb4 Rg8) 20. Qf3 {[%cal Rb1b7,Rf3f6]} (20. Qxc5
Rxc5 21. Rxb7 $11) 20... b5 {Der Pf6 ist in dieser Stellung nicht so wichtig.
Wenn Weiß auf b7 nehmen könnte, bekäme sein Turm starke Aktivität.} (20... Ke7
$2 21. Rxb7 Rhd8 $14) 21. Qxf6 Rg8 $13 {Die Stellung ist jetzt materiell
ausgeglichen. Schwarz kontrolliert mit seinen Türmen die offenen Linien.} 22.
Nf3 $1 {[%cal Gf6a1][%mdl 2048] Weiß bereitet den Zug 23.Ne5 vor und räumt die
Diagonale h8-a1 für seine Dame.} (22. Rb3 $6 Rg6 $15 23. Qh8+ $2 Ke7 24. Qxh7
Qxd4 $19) (22. e5 $6 Rg6 $15) 22... Qe7 (22... Rg6 $6 23. Qh8+ Ke7 24. Qxh7)
23. Qd4 $36 (23. Qxe7+ Kxe7 $15) 23... Rc4 $4 {[%mdl 8192] Unglaublich! Ein so
grober Fehler in einem Großmeisterturnier!} (23... Bc6 24. Rbc1) 24. Qa7 $2 {
Dieser Zug liegt zwar auf der Hand, aber statt dessen konnte Weiß sofort
gewinnen!} (24. Qxc4 bxc4 25. Rb8+ $18) 24... Bc8 25. Qb6 (25. Qe3 Bb7 $11)
25... Qc7 26. Qxc7 $6 {Weiß spielt ohne große Ambitionen - und tauscht die
Damen ab.} (26. Qe3 Bb7 $11) 26... Rxc7 {Nach dem Damentausch braucht sich
Schwarz nicht mehr um seinen König in der Mitte zu sorgen.} 27. Rbc1 Rxc1 28.
Rxc1 Kd8 (28... Bb7 $2 29. Rc7 $18) 29. Ne5 {Hier einigte man sich auf Remis.
Die Stellung ist etwa ausgeglichen, aber nach 29...f6 hat Schwarz meines
Erachtens mikroskopischen Vorteil. Seine Bauernmehrheit am Damenflügel stellt
eine potentielle Gefahr für Weiß dar, auch wenn das Material bereits reduziert
ist.} (29. Ne5 f6 30. Nd3 $11 (30. Nf7+ $6 Ke7 31. Rc7+ Bd7 $15) (30. Nc6+ Kd7
$15)) 1/2-1/2

[Event "Miskolc"]
[Site "Miskolc"]
[Date "2004.03.12"]
[Round "3"]
[White "Gyimesi, Zoltan"]
[Black "Portisch, Lajos"]
[Result "1-0"]
[WhiteElo "2553"]
[BlackElo "2573"]
[Annotator "Ribli,Z"]
[PlyCount "183"]
[EventDate "2004.03.10"]
[EventType "tourn"]
[EventRounds "9"]
[EventCountry "HUN"]
[EventCategory "12"]
[SourceTitle "CBM 100"]
[Source "ChessBase"]
[SourceDate "2004.06.01"]
[SourceVersion "1"]
[SourceVersionDate "2004.06.01"]
[SourceQuality "1"]

1. d4 Nf6 2. c4 e6 3. Nf3 d5 4. Nc3 dxc4 {Das ist eine große Überraschung -
Großmeister Portisch spielte noch nie die sogenannte Wiener Variante mit
Schwarz.} 5. e4 Bb4 6. Bg5 c5 7. Bxc4 cxd4 8. Nxd4 Qa5 {Das ist eine
Nebenvariante - die gewöhnliche Fortsetzung wäre 8...Bxc3, welche zu großen
Komplikationen führt.} (8... Bxc3+ 9. bxc3 Qa5) 9. Bd2 Qc5 10. Bb5+ Nbd7 11.
Nb3 Qb6 12. O-O $5 {Mit diesem Zug opfert Weiß zeitweilig einen Bauern. Wenn
dieser Zug gut ist, muss Weiß nicht mit 12.Qe2 Zeit verlieren.} (12. Qe2 a6 13.
Bd3 Ne5 14. O-O Bd7 $5 (14... O-O 15. Rac1 Bd7 16. Be3 $5 (16. Bg5 $2 Nxd3 17.
Qxd3 Bxc3 $1 18. Bxf6 Bxf6 19. Qxd7 Bxb2 $17 {0-1 Pelletier,Y-Kasparov,G/
Zuerich 2001/CBM 83/[Ribli] (41)}) 16... Qd6 17. Rfd1 Neg4 18. g3 Nxe3 (18...
Rac8 19. Bf4 e5 20. Bd2 $14) 19. Qxe3 {1/2-1/2 Kengis,E-Rausis,I/Cairo EGY
2003/(20)}) 15. Rfd1 Rc8 (15... Nxd3 $6 16. Qxd3 Bc6 17. e5 $1 (17. Qg3 $2 Bxc3
18. Bxc3 Nxe4 19. Qxg7 Qxf2+ 20. Kh1 Nxc3 21. bxc3 Ke7 $17 {0-1 Cvitan-Horvath,
C/84/(349) 2001/[Ribli] (21)}) 17... Nd5 18. Ne4 Be7 19. Qg3 $36) 16. Be3 Qc7
17. Bd4 O-O 18. Rac1 Qb8 19. Bb1 Bc6 20. a3 Bxc3 21. Rxc3 Bb5 22. Qc2 Nfg4 {
1/2-1/2 Sriram,J-Ravi,L/Mumbai IND 2003/(78)}) 12... Bxc3 {Das ist die
richtige Fortsetzung, 12...a6?! wäre ein Tempoverlust.} (12... a6 $6 13. Bxd7+
Nxd7 14. Qg4 {[%csl Gg4]} Bf8 15. Rac1 $1 h5 16. Qe2 $1 Bd6 17. Be3 Qd8 18.
Rfd1 Qe7 19. Qd2 Bb8 20. Na4 O-O 21. Nbc5 Nf6 22. Nb6 {1-0 Teske,H-Naumann,A/
Germany 2003/CBM 94/[Ribli] (30)}) 13. Bxd7+ Bxd7 14. Bxc3 Nxe4 15. Bxg7 Rg8 {
[%cal Gd7c6,Gc6g2,Gg8g2] Weiß hat die bessere Bauernstruktur, aber das
schwarze Figurenspiel ist aktiv.} 16. Bd4 Qb5 17. Be3 Nf6 {[%cal Gf6d5]
Portisch möchte den Springer nach d5 stellen, aber die Alternative 17...Qf5
kommt auch stark in Betracht.} (17... Qf5 18. f3 Qg6 19. Qe2 Nd6 {[%cal Rd7b5,
Rb5f1,Gd6f5]} 20. Qf2 Nf5 21. Bf4 Bc6 22. Rad1 Nh4 23. Bg3 Nf5 24. Bf4 Nh4 {
1/2-1/2 Babu,N-Ravi,L/Mumbai IND 2003/(28)}) 18. f3 $1 {[%mdl 4] Ein guter
prophylaktischer Zug - früher oder später muss Weiß sich gegen Bc6 verteidigen.
} Nd5 {[%csl Gd5]} 19. Qd2 $14 (19. Bf2 $6 Nf4 $36) 19... Nxe3 {Schwarz
tauscht seinen zentralisierten Springer gegen den Läufer. Sonst wäre die
schwarze Dame weit vom Hauptkriegschauplatz entfernt.} (19... Qb4 20. Qf2 $14 (
20. Qxb4 Nxb4 $11)) 20. Qxe3 Bc6 21. Rf2 {[%cal Gf2b2,Gf2g2] Weiß verteidigt
vorher seine Bauern auf der zweite Reihe.} Qg5 22. Qc3 {Der schwarze König
steht in der Mitte, deshalb tauscht Weiß nicht die Damen.} (22. Qxg5 Rxg5 $11)
22... Rd8 23. Re1 (23. Nd4 Bd5 24. Qa3 $14) 23... Qf4 $1 24. Nd2 Qd4 25. Qc2 (
25. Qxd4 Rxd4 $11) 25... Qd3 26. Qc5 Qd4 27. Qh5 Ke7 $6 (27... Qxf2+ $1 28.
Kxf2 Rxd2+ 29. Ke3 Rgxg2 30. Qxh7 Rxh2 31. Qg8+ Ke7 32. Qg5+ $11) 28. Ne4 Bxe4
29. fxe4 $1 {[%cal Gf2f7] Weiß beschäftigt sich nicht mit der Bauernstruktur,
er öffnet die f-Linie für seinen Turm.} (29. Rxe4 Qd1+ 30. Rf1 Qd5 31. Qxh7
Qc5+ 32. Kh1 Rh8 33. Qg7 Rhg8 34. Qh7 $11) 29... Rg7 30. g3 {Auf diese Weise
befreit sich Weiß von der Fesselung auf der a7-g1-Diagonale.} Kf8 31. Kg2 Kg8
32. Qf3 Rd7 33. Rc1 Rg6 34. Rcf1 Qe5 35. b3 Kg7 36. Qe3 f5 $6 {Mit diesem Zug
schwächt Schwarz seine Bauernstellung am Königsflügel. Es wäre besser mit
Wartezügen die Stellung zu halten, wonach der weiße Vorteil gering ist.} (36...
a6 $142) 37. Rf4 Rd4 38. Re1 Rxe4 39. Rxe4 fxe4 40. Qxa7 $1 $16 {Weiß hat hat
die viel bessere Bauernstruktur und früher oder später kann er auch noch den
e4-Bauern gewinnen.} Qd5 41. Qe3 Rg4 42. h3 Rg5 43. Qxe4 {Weiß hat einen
Bauern mehr und eine gesunde Bauernstruktur.} Kf6 44. Re3 Re5 45. Rf3+ (45.
Qxd5 Rxd5 $14) 45... Kg7 46. Qxd5 Rxd5 {[%mdl 4096]} (46... exd5 47. Kf2 $16)
47. Re3 Rd2+ 48. Kf3 Kf6 (48... Rxa2 49. Rxe6 $16 {[%csl Rb7,Ge6,Gf3][%cal
Ge6e7,Ge6b6]}) 49. Re2 Rd1 50. Ke4 Rg1 (50... Rf1 51. Re3 $16) 51. Rf2+ Ke7 52.
g4 Rg3 53. Rf3 Rg2 54. a4 {[%csl Gf3][%cal Gf3b3,Gf3h3] Der Turm auf f3
verteidigt die weißen Bauern - stufenweise verbessert Weiß seine Stellung.} b6
55. Rd3 (55. Kd3 $16) 55... Rc2 56. Rd4 Re2+ 57. Kf3 Rh2 58. Kg3 Rc2 59. Rb4
Rc6 {[%csl Gb4,Rc6]} 60. Kf4 {[%cal Gf4g5,Gg5h6]} Kf6 61. Rb5 Rd6 62. Ke4 Rc6
63. Rh5 Kg6 64. Kd4 h6 (64... Rd6+ 65. Kc4 $16) 65. Re5 Kf6 66. Rb5 Rd6+ 67.
Kc4 Rc6+ 68. Kd3 Rd6+ 69. Ke4 Rc6 70. Rh5 Kg6 71. Kd4 Kg7 (71... Rd6+ 72. Kc4
$16) 72. b4 {[%csl Ga4,Gb4,Gd4,Gh5]} Kg6 73. a5 bxa5 74. Rxa5 Rc1 75. Re5 Kf6
76. Rh5 e5+ (76... Kg6 77. b5 $18) 77. Kd3 (77. Rxe5 $4 Rd1+ $19) 77... Rd1+
78. Ke3 Re1+ 79. Kf2 Rb1 80. Rxh6+ $18 Kg5 81. Rh5+ Kf4 82. Rf5+ Ke4 83. Rf7
Rb2+ 84. Kg3 Rb3+ 85. Kh4 Rxb4 86. g5 Kd3+ 87. Kh5 e4 88. g6 Rb1 89. Rd7+ Ke2
90. g7 Rg1 91. Kh6 e3 92. h4 1-0